| 000 | 00786cam a2200277 i 4500 | ||
|---|---|---|---|
| 001 | 200452692 | ||
| 999 |
_c200452692 _d70904 |
||
| 003 | TR-AnTOB | ||
| 005 | 20251003143648.0 | ||
| 007 | ta | ||
| 008 | 030117s1967 tu 000 0 tur d | ||
| 040 |
_aBGZ _beng _erda _cTR-AnTOB _dTR-AnTOB |
||
| 041 | 0 | _atur | |
| 050 | 1 | 4 |
_aKJA1030 _b.U48 1967 |
| 090 |
_aKJA1030 _b.U48 1967 |
||
| 100 | 1 |
_aUmur, Ziya _eauthor _915237 |
|
| 245 | 1 | 0 |
_aRoma hukuku : _btarihi giriş ve kaynaklar / _cDr. Ziya Umur. |
| 246 | 1 | 4 | _aRoma hukuku. |
| 264 | 3 |
_aİstanbul : _bFakülteler Matbaası, _c1967. |
|
| 300 |
_a288 pages ; _b24 cm |
||
| 336 |
_atext _btxt _2rdacontent |
||
| 337 |
_aunmediated _bn _2rdamedia |
||
| 338 |
_avolume _bnc _2rdacarrier |
||
| 650 | 0 |
_aRoma hukuku _938681 |
|
| 942 |
_2lcc _cBK |
||